[Event "BCF-chT3Sa 1819 (4NCL)"]
[Site "England"]
[Date "2019.04.13"]
[Round "7.44"]
[White "Starley, Robert"]
[Black "Birkin, Mark"]
[Result "1-0"]
[WhiteElo "2045"]
[BlackElo "1969"]
[PlyCount "133"]
[EventDate "2018.11.17"]
[EventType "team-tourn"]
[EventRounds "7"]
[EventCountry "ENG"]
[SourceTitle "EXT 2021"]
[Source "ChessBase"]
[SourceDate "2020.10.23"]
[SourceVersion "1"]
[SourceVersionDate "2020.10.23"]
[SourceQuality "1"]
[WhiteTeam "Cambridge University II"]
[BlackTeam "Leeds University Old Boys"]
[WhiteTeamCountry "ENG"]
[BlackTeamCountry "ENG"]

1. e4 e6 2. d4 d5 3. Nc3 Nf6 4. Bg5 Bb4 5. e5 h6 6. Bd2 Bxc3 7. bxc3 Ne4 8. Qg4 g6 9. Bd3 Nxd2 10. Kxd2 c5 11. h4 Nc6 12. Nf3 Qa5 13. Qf4 cxd4 14. Nxd4 Nxd4 15. Qxd4 b6 16. Rhb1 Bd7 17. a4 Rc8 18. Rb4 Qc5 19. a5 bxa5 20. Qxc5 Rxc5 21. Rb8+ Rc8 22. Rxc8+ Bxc8 23. Rxa5 a6 24. Bxa6 Bxa6 25. Rxa6 0-0 26. Ra4 Rd8 27. f4 g5 28. fxg5 hxg5 29. Rg4 f6 30. exf6 Kf7 31. hxg5 Kg6 32. Rg3 e5 33. Ke3 Rc8 34. Kf2 e4 35. Ke2 Rc7 36. Kd2 Rc8 37. Rg4 Kf5 38. g6 Kxf6 39. g7 Rg8 40. Ke3 Kf5 41. Rg3 Ke5 42. Rg5+ Kf6 43. Kf4 e3 44. Rf5+ Ke6 45. Re5+ Kf6 46. Rxe3 Rxg7 47. g4 Rc7 48. g5+ Kg6 49. Rg3 Rd7 50. Re3 Rf7+ 51. Ke5 Rf5+ 52. Kd4 Rxg5 53. Re5 Rg2 54. Kxd5 Kf6 55. Re4 Rd2+ 56. Kc5 Rxc2 57. c4 Kf5 58. Re8 Rc1 59. Kd5 Rd1+ 60. Kc6 Rc1 61. c5 Rd1 62. Kc7 Rd2 63. c6 Rd1 64. Kc8 Rd2 65. c7 Rc2 66. Kd7 Rd2+ 67. Ke7 1-0

[Event "BCF-chT3Sa 1819 (4NCL)"]
[Site "England"]
[Date "2018.11.18"]
[Round "2.45"]
[White "Birkin, Mark"]
[Black "Ruthen, Stephen W"]
[Result "0-1"]
[WhiteElo "1967"]
[BlackElo "1993"]
[PlyCount "46"]
[EventDate "2018.11.17"]
[EventType "team-tourn"]
[EventRounds "7"]
[EventCountry "ENG"]
[SourceTitle "EXT 2021"]
[Source "ChessBase"]
[SourceDate "2020.10.23"]
[SourceVersion "1"]
[SourceVersionDate "2020.10.23"]
[SourceQuality "1"]
[WhiteTeam "Leeds University Old Boys"]
[BlackTeam "Iceni"]
[WhiteTeamCountry "ENG"]
[BlackTeamCountry "ENG"]

1. e4 e5 2. Nc3 Nf6 3. g3 Bc5 4. Bg2 d6 5. Nge2 Nc6 6. 0-0 a6 7. h3 h5 8. Nd5 h4 9. d4 Nxd4 10. Bg5 hxg3 11. Nxg3 c6 12. Bxf6 gxf6 13. Ne3 Kd7 14. c3 Ne6 15. Nef5 Kc7 16. b4 Ba7 17. Qd2 Nf4 18. Rfd1 Bxf5 19. Nxf5 Rg8 20. Nh4 Qd7 21. Kf1 Rad8 22. f3 Nxg2 23. Nxg2 Qxh3 0-1

[Event "BCF-chT3S 1617 (4NCL) Promotion pool"]
[Site "England"]
[Date "2017.05.01"]
[Round "11.34"]
[White "Byway, Paul V"]
[Black "Birkin, Mark"]
[Result "1/2-1/2"]
[WhiteElo "2075"]
[BlackElo "2065"]
[PlyCount "85"]
[EventDate "2016.11.26"]
[EventType "team-tourn"]
[EventRounds "11"]
[EventCountry "ENG"]
[SourceTitle "EXT 2019"]
[Source "ChessBase"]
[SourceDate "2018.10.10"]
[SourceVersion "1"]
[SourceVersionDate "2018.10.10"]
[SourceQuality "1"]
[WhiteTeam "Poisoned Pawns"]
[BlackTeam "Leeds University Old Boys"]
[WhiteTeamCountry "ENG"]
[BlackTeamCountry "ENG"]

1. Nf3 e6 2. c4 f5 3. g3 Nf6 4. Bg2 Be7 5. 0-0 0-0 6. Nc3 d6 7. d3 Nc6 8. e4 e5 9. h3 Qe8 10. exf5 Bxf5 11. d4 Qh5 12. dxe5 dxe5 13. Nh4 Qxd1 14. Rxd1 Be6 15. b3 Bc5 16. Be3 Bxe3 17. fxe3 g5 18. Nf3 h6 19. Nd2 Nb4 20. Nde4 Nxe4 21. Bxe4 Bxh3 22. Bxb7 Rab8 23. Be4 Bg4 24. Rd2 Rbd8 25. Rxd8 Rxd8 26. Nd5 Nxd5 27. cxd5 Bc8 28. Rc1 Bb7 29. Rxc7 Bxd5 30. Bh7+ Kf8 31. Rxa7 Bf3 32. e4 g4 33. Ra5 Rd1+ 34. Kf2 Rd2+ 35. Ke3 Re2+ 36. Kd3 Rg2 37. Rxe5 Rxg3 38. Kd4 Be2 39. Ra5 Kg7 40. Ra7+ Kf8 41. Ke5 Rc3 42. Bf5 g3 43. Ra8+ 1/2-1/2

[Event "BCF-chT3Sb 1617 (4NCL)"]
[Site "England"]
[Date "2017.03.18"]
[Round "7.74"]
[White "Birkin, Mark"]
[Black "Whyte, Brian G"]
[Result "1/2-1/2"]
[WhiteElo "2065"]
[BlackElo "2080"]
[PlyCount "90"]
[EventDate "2016.11.26"]
[EventType "team-tourn"]
[EventRounds "11"]
[EventCountry "ENG"]
[SourceTitle "EXT 2019"]
[Source "ChessBase"]
[SourceDate "2018.10.10"]
[SourceVersion "1"]
[SourceVersionDate "2018.10.10"]
[SourceQuality "1"]
[WhiteTeam "Leeds University Old Boys"]
[BlackTeam "Shropshire"]
[WhiteTeamCountry "ENG"]
[BlackTeamCountry "ENG"]

1. e4 e6 2. d3 d5 3. Nd2 c5 4. Ngf3 Nc6 5. g3 Nf6 6. Bg2 Be7 7. 0-0 Qc7 8. Re1 b6 9. c3 Bb7 10. e5 Nd7 11. Qe2 h6 12. Nf1 0-0-0 13. h4 g5 14. hxg5 hxg5 15. Nxg5 Bxg5 16. Bxg5 Rdg8 17. Bf4 Nf8 18. Qd2 d4 19. Nh2 Rh5 20. Nf3 Rgh8 21. g4 R5h7 22. Ng5 Rg7 23. Ne4 Rxg4 24. Nd6+ Kb8 25. Bg3 Ba6 26. Qe2 Rhg8 27. Qf3 Bb7 28. Nxb7 Kxb7 29. Re4 Rxe4 30. Qxe4 dxc3 31. bxc3 Ng6 32. d4 cxd4 33. cxd4 Nge7 34. Rc1 Rd8 35. a4 Nd5 36. Qd3 a5 37. Qb5 Qd7 38. Qc4 Ncb4 39. Qb3 Rc8 40. Rxc8 Qxc8 41. Bf4 Qc2 42. Qf3 Qxa4 43. Bd2 Qd7 44. Bxb4 axb4 45. Qb3 Qc6 1/2-1/2

[Event "BCF-chT3Sd 1516 (4NCL)"]
[Site "England"]
[Date "2016.04.30"]
[Round "9.99"]
[White "Birkin, Mark"]
[Black "Alcock, Graham P"]
[Result "1-0"]
[WhiteElo "2050"]
[BlackElo "1806"]
[PlyCount "43"]
[EventDate "2016.03.20"]
[EventType "team-swiss"]
[EventRounds "11"]
[EventCountry "ENG"]
[SourceTitle "EXT 2017"]
[Source "ChessBase"]
[SourceDate "2016.10.25"]
[SourceVersion "1"]
[SourceVersionDate "2016.10.25"]
[SourceQuality "1"]
[WhiteTeam "Leeds University Old Boys"]
[BlackTeam "Surbiton"]
[WhiteTeamCountry "ENG"]
[BlackTeamCountry "ENG"]

1. e4 e5 2. Nc3 Nc6 3. g3 Nf6 4. Bg2 Bc5 5. Nge2 0-0 6. 0-0 a6 7. h3 d6 8. Kh2 Nd4 9. f4 exf4 10. Nxf4 Ne6 11. Nxe6 Bxe6 12. d4 Bb4 13. Bg5 h6 14. Bxf6 gxf6 15. Qh5 Kg7 16. Rf4 c6 17. Raf1 Qa5 18. d5 Bxc3 19. bxc3 Rh8 20. Qh4 cxd5 21. Qxf6+ Kh7 22. exd5 1-0

[Event "BCF-chT3S 1415 (4NCL)"]
[Site "England"]
[Date "2015.01.10"]
[Round "3.56"]
[White "Farkas, Daniel"]
[Black "Birkin, Mark"]
[Result "1-0"]
[WhiteElo "2129"]
[BlackElo "1950"]
[PlyCount "63"]
[EventDate "2014.11.15"]
[EventType "team-swiss"]
[EventRounds "6"]
[EventCountry "ENG"]
[SourceTitle "EXT 2016"]
[Source "ChessBase"]
[SourceDate "2015.10.08"]
[SourceVersion "1"]
[SourceVersionDate "2015.10.08"]
[SourceQuality "1"]
[WhiteTeam "Fermented Sharks"]
[BlackTeam "Leeds University Old Boys"]
[WhiteTeamCountry "ENG"]
[BlackTeamCountry "ENG"]

1. e4 e6 2. d4 d5 3. Nd2 Nf6 4. e5 Nfd7 5. Bd3 c5 6. c3 Nc6 7. Ngf3 f6 8. 0-0 fxe5 9. dxe5 Ndxe5 10. Nxe5 Nxe5 11. Bc2 Bd6 12. f4 Nf7 13. Nf3 Qc7 14. f5 0-0 15. Re1 Nd8 16. fxe6 Bxe6 17. Ng5 Rf6 18. Nxh7 Bxh2+ 19. Kh1 Rf2 20. Be3 Rxg2 21. Kxg2 Qg3+ 22. Kh1 d4 23. Be4 dxe3 24. Qh5 g6 25. Bxg6 Qe5 26. Qxe5 Bxe5 27. Be4 Bf4 28. Rg1+ Kh8 29. Raf1 Bh6 30. Nf8 Bf7 31. Ng6+ Bxg6 32. Bxg6 1-0

[Event "BCF-chT3 1314 (4NCL)"]
[Site "England"]
[Date "2014.03.23"]
[Round "8.108"]
[White "Pedersen, Carsten"]
[Black "Birkin, Mark"]
[Result "0-1"]
[WhiteElo "2140"]
[BlackElo "1944"]
[PlyCount "63"]
[EventDate "2013.11.16"]
[EventType "team-swiss"]
[EventRounds "11"]
[EventCountry "ENG"]
[SourceTitle "EXT 2015"]
[Source "ChessBase"]
[SourceDate "2014.11.20"]
[SourceVersion "1"]
[SourceVersionDate "2014.11.20"]
[SourceQuality "1"]
[WhiteTeam "Celtic Tigers"]
[BlackTeam "Leeds University Old Boys"]
[WhiteTeamCountry "ENG"]
[BlackTeamCountry "ENG"]

1. e4 e6 2. d4 d5 3. Nd2 Nf6 4. e5 Nfd7 5. Bd3 c5 6. c3 Nc6 7. Ne2 cxd4 8. cxd4 f6 9. exf6 Nxf6 10. Nf3 Qb6 11. 0-0 Bd6 12. Bf4 Qc7 13. Qd2 0-0 14. Bg3 Nh5 15. Qc2 b6 16. Bxh7+ Kh8 17. Bxd6 Qxd6 18. Nh4 Rf6 19. Ng6+ Kxh7 20. Ngf4+ Rf5 21. Nxh5 Kg8 22. Nhg3 Rf7 23. f4 Bd7 24. Rad1 Raf8 25. Rf3 Na5 26. Qc3 Qb8 27. b3 Nc6 28. Qe3 Ne7 29. Qf2 Bb5 30. h3 Qd6 31. Rd2 Ng6 32. Nh5 0-1

[Event "BCF-chT3S 1213 (4NCL)"]
[Site "England"]
[Date "2013.01.13"]
[Round "5.89"]
[White "Reid, John"]
[Black "Birkin, Mark"]
[Result "1-0"]
[WhiteElo "2063"]
[BlackElo "1928"]
[PlyCount "85"]
[EventDate "2012.11.03"]
[EventType "team-swiss"]
[EventRounds "6"]
[EventCountry "ENG"]
[SourceTitle "EXT 2014"]
[Source "ChessBase"]
[SourceDate "2013.11.20"]
[SourceVersion "1"]
[SourceVersionDate "2013.11.20"]
[SourceQuality "1"]
[WhiteTeam "Hackney"]
[BlackTeam "Leeds University Old Boys"]
[WhiteTeamCountry "ENG"]
[BlackTeamCountry "ENG"]

1. d4 e6 2. c4 f5 3. g3 Nf6 4. Bg2 Be7 5. Nf3 0-0 6. d5 d6 7. dxe6 Ne4 8. Nd4 Nc6 9. Nxc6 bxc6 10. Nc3 Nxc3 11. bxc3 Bf6 12. Qd3 Qe8 13. 0-0 Bxe6 14. Rb1 Qf7 15. Bxc6 Bxc4 16. Qxf5 Rab8 17. Be3 a6 18. a4 Bxc3 19. Qxf7+ Bxf7 20. Ba7 Rxb1 21. Rxb1 Ba5 22. e4 Be6 23. f4 g6 24. Kg2 Kf7 25. Kf3 Ke7 26. e5 Bd7 27. Bb7 Ke6 28. exd6 cxd6 29. Ke4 Bxa4 30. Bd5+ Ke7 31. Rb7+ Bd7 32. Bc6 Rd8 33. Kd5 Ke8 34. Rxd7 Rxd7 35. Ke6 Bb4 36. Bxd7+ Kf8 37. Bb8 Kg7 38. Bxd6 Bxd6 39. Kxd6 Kf6 40. g4 h6 41. h4 a5 42. g5+ Kg7 43. Ke7 1-0

[Event "BCF-chT3 1112 (4NCL)"]
[Site "England"]
[Date "2012.04.01"]
[Round "8.55"]
[White "Armstrong, Malcolm J"]
[Black "Birkin, Mark"]
[Result "0-1"]
[WhiteElo "2026"]
[BlackElo "1914"]
[PlyCount "112"]
[EventDate "2011.11.12"]
[EventType "team-swiss"]
[EventRounds "11"]
[EventCountry "ENG"]
[SourceTitle "EXT 2013"]
[Source "ChessBase"]
[SourceDate "2012.11.22"]
[SourceVersion "1"]
[SourceVersionDate "2012.11.22"]
[SourceQuality "1"]
[WhiteTeam "Cheddleton II"]
[BlackTeam "Leeds University Old Boys"]
[WhiteTeamCountry "ENG"]
[BlackTeamCountry "ENG"]

1. d4 e6 2. Nf3 f5 3. g3 Nf6 4. Bg2 Be7 5. 0-0 0-0 6. c4 d6 7. Nc3 a5 8. Qc2 Nc6 9. b3 e5 10. dxe5 dxe5 11. Rd1 Qe8 12. Nd5 Bd8 13. Ba3 e4 14. Bxf8 exf3 15. exf3 Qxf8 16. f4 Nb4 17. Nxb4 axb4 18. Rd2 c6 19. Rad1 Be7 20. h3 Ne4 21. Bxe4 fxe4 22. Qxe4 Bxh3 23. Kh2 Bg4 24. f3 Bf5 25. Qd4 g6 26. Kg2 h5 27. Qb6 Qc8 28. c5 h4 29. Qxb4 Bh3+ 30. Kh2 hxg3+ 31. Kxg3 Bf5 32. Qc3 Kf7 33. Rh1 Qg8 34. Rdh2 g5 35. Qc4+ Be6 36. Rh7+ Kf8 37. Qe2 gxf4+ 38. Kf2 Qg3+ 39. Kf1 Qg6 40. Rh8+ Bg8 41. Rxg8+ Qxg8 42. Qe5 Kf7 43. Qxf4+ Ke8 44. Qe5 Kd7 45. Qd4+ Qd5 46. Qg4+ Kc7 47. Qf4+ Kc8 48. Rh8+ Bd8 49. Qg4+ Qd7 50. Rxd8+ Kxd8 51. Qg8+ Qe8 52. Qg5+ Kc8 53. Qg4+ Qd7 54. Qg8+ Qd8 55. Qg4+ Kb8 56. Qf4+ Qc7 0-1

[Event "BCF-chT3S 1112 (4NCL)"]
[Site "England"]
[Date "2012.01.15"]
[Round "4.5"]
[White "Davison, Chris"]
[Black "Birkin, Mark"]
[Result "0-1"]
[WhiteElo "2005"]
[BlackElo "1914"]
[PlyCount "68"]
[EventDate "2011.11.12"]
[EventType "team-swiss"]
[EventRounds "6"]
[EventCountry "ENG"]
[SourceTitle "EXT 2013"]
[Source "ChessBase"]
[SourceDate "2012.11.22"]
[SourceVersion "1"]
[SourceVersionDate "2012.11.22"]
[SourceQuality "1"]
[WhiteTeam "British Universities CA"]
[BlackTeam "Leeds University Old Boys"]
[WhiteTeamCountry "ENG"]
[BlackTeamCountry "ENG"]

1. e4 e6 2. d4 d5 3. Nd2 Nf6 4. e5 Nfd7 5. Bd3 c5 6. c3 Nc6 7. Ngf3 g6 8. Nf1 Bg7 9. Ne3 cxd4 10. cxd4 Qb6 11. Bb1 Qb4+ 12. Qd2 Qxd2+ 13. Bxd2 f6 14. exf6 Nxf6 15. h4 Bd7 16. Bc3 Rc8 17. Bd3 0-0 18. Ke2 Rc7 19. g4 Ne4 20. Rag1 Be8 21. Bxe4 dxe4 22. Ng5 Nxd4+ 23. Bxd4 Bxd4 24. Nxe6 Bb5+ 25. Kd1 Rxf2 26. Nxc7 Be2+ 27. Ke1 Bxe3 28. Nd5 Bd4 29. g5 Bf3 30. Nf6+ Kg7 31. h5 Rxb2 32. hxg6 Be3 33. Rxh7+ Kxg6 34. Rh6+ Kf5 0-1

[Event "BCF-chT2 1011 (4NCL)"]
[Site "England"]
[Date "2011.03.27"]
[Round "8.58"]
[White "Birkin, Mark"]
[Black "Nettleton, Charlie"]
[Result "1-0"]
[WhiteElo "1895"]
[BlackElo "1835"]
[PlyCount "73"]
[EventDate "2010.11.06"]
[EventType "team-swiss"]
[EventRounds "11"]
[EventCountry "ENG"]
[SourceTitle "EXT 2012"]
[Source "ChessBase"]
[SourceDate "2011.11.24"]
[SourceVersion "1"]
[SourceVersionDate "2011.11.24"]
[SourceQuality "1"]
[WhiteTeam "White Rose II"]
[BlackTeam "Sambuca Black Sheep"]
[WhiteTeamCountry "ENG"]
[BlackTeamCountry "ENG"]

1. e4 e6 2. d4 d5 3. e5 c5 4. c3 Nc6 5. Nf3 Bd7 6. Be2 f6 7. 0-0 Qc7 8. Re1 0-0-0 9. Bf4 f5 10. Na3 h6 11. Nb5 Qb6 12. c4 g5 13. Be3 dxc4 14. Bxc4 Nxd4 15. Nbxd4 cxd4 16. Bxd4 Qa5 17. Qb3 Re8 18. Bc3 Qa4 19. Red1 Qxb3 20. Bxb3 Rh7 21. Rac1 Kb8 22. Rd2 Bc6 23. Nd4 Bd5 24. Bxd5 exd5 25. Nxf5 Rf7 26. Ne3 Bg7 27. Rxd5 Rfe7 28. Nf5 Rc7 29. Rcd1 Bf8 30. Rd8+ Rc8 31. Rxc8+ Kxc8 32. g3 Re6 33. f4 Bc5+ 34. Bd4 Bxd4+ 35. Nxd4 Rb6 36. f5 Ne7 37. b3 1-0

[Event "BCF-chT2 1011 (4NCL)"]
[Site "England"]
[Date "2011.01.16"]
[Round "4.47"]
[White "Birkin, Mark"]
[Black "Kreuzer, Christopher RL"]
[Result "0-1"]
[WhiteElo "1895"]
[BlackElo "1937"]
[PlyCount "104"]
[EventDate "2010.11.06"]
[EventType "team-swiss"]
[EventRounds "11"]
[EventCountry "ENG"]
[SourceTitle "EXT 2012"]
[Source "ChessBase"]
[SourceDate "2011.11.24"]
[SourceVersion "1"]
[SourceVersionDate "2011.11.24"]
[SourceQuality "1"]
[WhiteTeam "White Rose II"]
[BlackTeam "Cambridge II"]
[WhiteTeamCountry "ENG"]
[BlackTeamCountry "ENG"]

1. e4 c5 2. Nf3 d6 3. d4 cxd4 4. Nxd4 Nf6 5. Nc3 a6 6. Be2 e5 7. Nb3 Be6 8. Be3 Nbd7 9. 0-0 Be7 10. f4 Qc7 11. Kh1 b5 12. Nd5 Bxd5 13. exd5 Nb6 14. Bxb6 Qxb6 15. Qd3 0-0 16. Rad1 Rfd8 17. Nd2 Rac8 18. Ne4 Rc4 19. Ng3 Rd4 20. Qb3 Rxf4 21. Nf5 Bf8 22. Qg3 Ne4 23. Nh6+ Kh8 24. Qxf4 exf4 25. Nxf7+ Kg8 26. Nxd8 Nf2+ 27. Rxf2 Qxf2 28. Bg4 Be7 29. Ne6 Bf6 30. c3 Be5 31. Ng5 Qxb2 32. Re1 Qxc3 33. Nf3 Kf8 34. h3 a5 35. Re2 Ke7 36. Kg1 Qc5+ 37. Kh2 Qxd5 38. Rc2 Qb7 39. Ng5 f3+ 40. Kg1 Qb6+ 41. Kf1 fxg2+ 42. Kxg2 Qb7+ 43. Kg1 h6 44. Ne6 Qe4 45. Rc7+ Kf6 46. Nxg7 Qb1+ 47. Kf2 Qxa2+ 48. Ke3 Qb3+ 49. Ke2 a4 50. Be6 Qb2+ 51. Kf3 a3 52. Kg4 Qg2+ 0-1

[Event "BCF-ch rapidplay"]
[Site "Halifax"]
[Date "2010.11.20"]
[Round "3"]
[White "Birkin, Mark"]
[Black "Haslinger, Stewart"]
[Result "0-1"]
[WhiteElo "1895"]
[BlackElo "2543"]
[PlyCount "84"]
[EventDate "2010.11.20"]
[EventType "swiss (rapid)"]
[EventRounds "11"]
[EventCountry "ENG"]
[SourceTitle "EXT 2011"]
[Source "ChessBase"]
[SourceDate "2010.11.26"]
[SourceVersion "1"]
[SourceVersionDate "2010.11.26"]
[SourceQuality "1"]

1. e4 d6 2. d4 Nf6 3. Nc3 e5 4. Nf3 Nbd7 5. h3 Be7 6. Bc4 0-0 7. 0-0 c6 8. a4 a5 9. Be3 h6 10. Qd2 Nh7 11. Rad1 Re8 12. Qc1 Qc7 13. Kh1 Ndf8 14. Bb3 Bf6 15. Rg1 Qe7 16. Rd3 Ng5 17. Nxg5 Bxg5 18. Bxg5 hxg5 19. Rf3 Ne6 20. dxe5 dxe5 21. Bxe6 Bxe6 22. Rg3 f6 23. Rd1 Qc5 24. Rd2 Red8 25. Qd1 Qb6 26. Rgd3 Rxd3 27. cxd3 Rd8 28. Qe2 Rd4 29. Kh2 Qd8 30. Qh5 Qd7 31. h4 Bf7 32. Qd1 gxh4 33. Ne2 Rb4 34. d4 Bb3 35. Qc1 exd4 36. Qc5 Qc7+ 37. g3 hxg3+ 38. Nxg3 Qe5 39. Qa7 Qf4 40. Qa8+ Kf7 41. Rd3 Qxf2+ 42. Kh3 Be6+ 0-1